| 000 | 00610nam a2200217 a 4500 | ||
|---|---|---|---|
| 005 | 20140310183403.0 | ||
| 008 | 121005s19uu xx 00 eng d | ||
| 020 | _a9780071311748 | ||
| 050 |
_aT 385 _b.Si617 2010 |
||
| 100 | _aSinha, Amarendra N' | ||
| 245 |
_aComputer graphics / _cAmarendra N' Sinha, Arun D Udai. |
||
| 250 | _aInternational ed. | ||
| 260 |
_aNew Delhi, India : _bTata McGraw-Hill, _c2010. |
||
| 300 |
_a471 p. : _bill. ; _c22 cm. |
||
| 500 | _aIncludes index | ||
| 521 | _aMA | ||
| 650 | _aComputer graphics | ||
| 700 | _aUdai, Arun D | ||
| 942 |
_cBK _2lcc _kFOR |
||
| 999 |
_c22352 _d22352 |
||